Biblioteca

Humanización de la vida sociopolítica según "Cáritas in veritate" / Liliana B. Irizar , Blanca Llorente , Gabriel Zanotti , Tamara Kobiec , Diana P. Niño Muñoz , Javier N. González Camargo (Registro nro. 44588)

Detalles MARC
000 -LÍDER
Campo fijo de descripción fija 010960000a22002170004500
020 ## - NÚMERO INTERNACIONAL NORMALIZADO PARA LIBROS
Número Internacional Normalizado del libro 978-958-715-367-5
082 04 - NÚMERO DE CLASIFICACIÓN DECIMAL DEWEY
Número de clasificación G 261.7 I689h
001 - NÚMERO DE CONTROL
Campo de control 18100
100 1# - ASIENTO PRINCIPAL--NOMBRE PERSONAL
Nombre personal Irizar, Liliana B.
245 10 - TÍTULO
Título del Material Humanización de la vida sociopolítica según "Cáritas in veritate" / Liliana B. Irizar , Blanca Llorente , Gabriel Zanotti , Tamara Kobiec , Diana P. Niño Muñoz , Javier N. González Camargo
260 ## - PUBLICACIÓN, DISTRIBUCIÓN, ETC. (PIE DE IMPRENTA)
Lugar de publicación, distribución, etc. Bogotá : San Pablo
300 ## - DESCRIPCIÓN FÍSICA
Extensión 244 p.
336 ## - CONTENT TYPE
Content type term texto
Content type code txt
Source rdacontent
337 ## - MEDIA TYPE
Source rdamedia
Media type term sin mediación
Media type code n
338 ## - CARRIER TYPE
Source rdacarrier
Carrier type term volumen
Carrier type code nc
501 ## - NOTA DE “CON”
Nota de Contenido rústico
505 00 - NOTA DE CONTENIDO
Nota de contenido con formato preestablecido "Cáritas in veritate": Instituciones, economía, ética... y cristianismo (Gabriel Zanotti) -- Verdad, caridad y desarrollo (Liliana B. Irizar) -- Hacia una visión integral de la persona humana (Lilisns N. Irizar) -- Hacia una visión integral de la persona humana (Tamara Kobiec) -- Una ética amiga de la persona (Liliana B. Irizar) -- Criterios orientadores del desarrollo (Liliana B. Irizar)
650 14 - ASIENTO SECUNDARIO DE MATERIA - TERMINO TEMÁTICO
Término temático o nombre geográfico como elemento de entrada SOCIOLOGIA POLITICA
942 ## - TIPO DE MATERIAL (KOHA)
Tipo de Item KOHA Libros General
Existencias
Estado de Material Estado de Perdido Estado de Dañado No para Préstamo Colección Tomo Biblioteca de Origen Biblioteca Permanente Fecha de Adquisición Total de Préstamos Signatura Topográfica Código de Barras Última vez visto Ejemplar/Existencia Fecha de Remplazo Tipo de Material
        Colección General   Biblioteca FUSBC Biblioteca FUSBC 10/01/2014   G 261.7 I689h 17959 12/12/2019 1 26/01/2016 Libros General

Biblioteca FUSBC | Teléfono: (57+4) 349 88 10 Ext. 141| WhatsApp (+57) 3005338115 
E-mail: biblioteca@unisbc.edu.co | Calle 76 87-14 Robledo Palenque, Medellín, Colombia

Con tecnología Koha